000
00311nam a22001337a 4500
008
170315b xxu||||| |||| 00| 0 eng d
020
_a
9780130172921
041
_a
eng
080
_2
5TH
_a
611
100
_a
7
101
_a
SHM
245
_a
FUNDAMENTALS OF ANATOMYY & PHYSIOLOGY
_c
MARTINI, F.H
942
_2
udc
_c
BK
999
_c
7876
_d
7876